[Event "Washington Chess Congress"]
[Site "Washington D.C."]
[Date "2015.10.11"]
[Round "6.12"]
[White "Potula, Kapish"]
[Black "Taborsky, Rostislav"]
[Result "1/2-1/2"]
[WhiteElo "1902"]
[BlackElo "2220"]
[PlyCount "85"]
[EventDate "2015.10.??"]
[EventType "swiss"]
[EventRounds "9"]
[EventCountry "USA"]

1. d4 Nf6 2. c4 e6 3. Nc3 Bb4 4. a3 Bxc3+ 5. bxc3 b6 6. e3 Bb7 7. f3 Nc6 8. Bd3
Ba6 9. e4 Na5 10. Nh3 Bxc4 11. Bxc4 Nxc4 12. Qd3 d5 13. Bg5 h6 14. Bh4 g5 15.
Bg3 Qd7 16. O-O O-O-O 17. e5 Ng8 18. f4 g4 19. Nf2 h5 20. Bh4 Re8 21. Ne4 Qa4
22. Nf6 Nxf6 23. Bxf6 Rhg8 24. Rfb1 a5 25. Ra2 Kb7 26. Qh7 Ne3 27. Qxf7 Nd1 28.
Rc1 Rgf8 29. Qxh5 Nxc3 30. Rac2 Qxd4+ 31. Kh1 Ne4 32. Rxc7+ Ka6 33. Bh4 Rc8 34.
Qh7 Rxc7 35. Qxc7 Nc5 36. Be7 Qxf4 37. Rg1 Rf7 38. Qc8+ Kb5 39. Bxc5 bxc5 40.
Qb8+ Kc4 41. Qb1 d4 42. Qa2+ Kd3 43. Qb1+ 1/2-1/2

[Event "Washington Chess Congress"]
[Site "Washington D.C."]
[Date "2015.10.10"]
[Round "6.13"]
[White "Trifale, Sharvil"]
[Black "Jacobson, Aaron"]
[Result "0-1"]
[WhiteElo "1901"]
[BlackElo "2119"]
[PlyCount "58"]
[EventDate "2015.10.??"]
[EventType "swiss"]
[EventRounds "9"]
[EventCountry "USA"]

1. c4 e6 2. g3 Nf6 3. Bg2 d5 4. b3 Be7 5. Bb2 O-O 6. Nf3 b6 7. O-O Bb7 8. d3 c5
9. e3 Nbd7 10. Ne5 Qc7 11. f4 Rfd8 12. Qe2 dxc4 13. Nxc4 Bxg2 14. Kxg2 b5 15.
Ne5 Nxe5 16. Bxe5 Qd7 17. d4 Ne4 18. Qf3 Qd5 19. dxc5 Bxc5 20. Rc1 b4 21. Rc4
f5 22. Bd4 Bxd4 23. exd4 a5 24. a3 Rac8 25. axb4 Rxc4 26. Rxa5 Qxd4 27. bxc4
Qb2+ 28. Kh3 Nf2+ 29. Kg2 Ng4+ 0-1

[Event "Washington Chess Congress"]
[Site "Washington D.C."]
[Date "2015.10.10"]
[Round "6.14"]
[White "Wang, Justin"]
[Black "Nguyen, Trung"]
[Result "1-0"]
[WhiteElo "2046"]
[BlackElo "1916"]
[PlyCount "133"]
[EventDate "2015.10.??"]
[EventType "swiss"]
[EventRounds "9"]
[EventCountry "USA"]

1. e4 c5 2. c3 Nf6 3. e5 Nd5 4. d4 cxd4 5. Nf3 Nc6 6. cxd4 d6 7. Bc4 Nb6 8. Bb5
Bd7 9. exd6 e6 10. O-O Bxd6 11. Nc3 Nb4 12. Bg5 Qc7 13. a3 Nc6 14. d5 exd5 15.
Nxd5 Nxd5 16. Qxd5 Be6 17. Qe4 h6 18. Bh4 a6 19. Bc4 O-O 20. Bxe6 fxe6 21.
Qxe6+ Kh8 22. Rad1 Be5 23. Rd7 Qc8 24. Rfd1 Bxb2 25. h3 Qe8 26. Qb3 Bf6 27.
Qxb7 Ne5 28. Nxe5 Qxe5 29. Bg3 Qe6 30. R7d6 Qe2 31. R6d2 Qe6 32. Qd7 Qxd7 33.
Rxd7 Rfd8 34. Rxd8+ Rxd8 35. Rxd8+ Bxd8 36. Kf1 Kg8 37. Ke2 Be7 38. a4 Kf7 39.
Kd3 Ke6 40. Kc4 g5 41. f3 h5 42. Kd4 Bf8 43. Ke4 Be7 44. Be5 Bc5 45. g3 Bf2 46.
f4 gxf4 47. gxf4 Be1 48. f5+ Kf7 49. Kd5 a5 50. Ke4 Bd2 51. Kd3 Be1 52. Kc4 h4
53. Kd3 Bf2 54. Ke2 Bc5 55. Kf3 Bb4 56. Kg4 Be1 57. Kg5 Bf2 58. Bc3 Bb6 59.
Kxh4 Bd8+ 60. Kg4 Bc7 61. h4 Kg8 62. Kg5 Bd8+ 63. f6 Kf7 64. Kf5 Bb6 65. h5 Be3
66. Bxa5 Bd4 67. Bd8 1-0

[Event "Washington Chess Congress"]
[Site "Washington D.C."]
[Date "2015.10.10"]
[Round "6.15"]
[White "Huang, Andy"]
[Black "Balkhamishvili, Tamar"]
[Result "1-0"]
[WhiteElo "1965"]
[BlackElo "1965"]
[PlyCount "87"]
[EventDate "2015.10.??"]
[EventType "swiss"]
[EventRounds "9"]
[EventCountry "USA"]

1. Nf3 f5 2. b3 d6 3. d4 Nf6 4. g3 g6 5. Bg2 Bg7 6. Bb2 O-O 7. O-O c6 8. c4 e5
9. dxe5 Ng4 10. Qd2 dxe5 11. h3 e4 12. Bxg7 Kxg7 13. hxg4 exf3 14. Bxf3 fxg4
15. Bg2 Bf5 16. Rd1 Na6 17. Nc3 Qf6 18. e4 Be6 19. Qe3 Qe5 20. Rd2 Nc5 21. Rad1
Rf7 22. Ne2 a5 23. Nf4 Re8 24. a3 Bc8 25. Re1 Rfe7 26. Nd5 cxd5 27. Rxd5 Qb2
28. Rxc5 Bf5 29. Qg5 h6 30. Qc1 Qd4 31. Rd5 Qb6 32. Qc3+ Kh7 33. e5 Bd7 34. c5
Qc7 35. Rd6 b5 36. Qd3 Bf5 37. Qxb5 Rxe5 38. Rxe5 Rxe5 39. Rd5 Re1+ 40. Kh2 Qf7
41. Qxa5 Rb1 42. Re5 Rxb3 43. Qd8 Be6 44. Qd6 1-0

[Event "Washington Chess Congress"]
[Site "Washington D.C."]
[Date "2015.10.10"]
[Round "6.16"]
[White "Paul, Justin"]
[Black "Stancil, Kimani A"]
[Result "1/2-1/2"]
[WhiteElo "1926"]
[BlackElo "2042"]
[PlyCount "71"]
[EventDate "2015.10.??"]
[EventType "swiss"]
[EventRounds "9"]
[EventCountry "USA"]

1. Nf3 f5 2. g3 Nf6 3. Bg2 g6 4. b3 Bg7 5. Bb2 d6 6. d4 e6 7. O-O O-O 8. c4
Nbd7 9. Nc3 a5 10. Qc2 Qe7 11. Rad1 h6 12. e4 Qf7 13. exf5 gxf5 14. Rfe1 Nh7
15. Nh4 Kh8 16. Nb5 Ndf6 17. d5 e5 18. Nxf5 Ng5 19. Nh4 Nh3+ 20. Bxh3 Bxh3 21.
Qg6 Qd7 22. Bc1 Ng8 23. f3 Rxf3 24. Nxf3 Bf5 25. Qe6 Bxe6 26. dxe6 Qc6 27. Nh4
Re8 28. Na7 Qb6+ 29. Be3 c5 30. Nb5 Rxe6 31. Nf5 Bf8 32. Rf1 Kh7 33. Rf2 Nf6
34. Nh4 Bg7 35. Nc3 Ng4 36. Re2 1/2-1/2

[Event "Washington Chess Congress"]
[Site "Washington D.C."]
[Date "2015.10.10"]
[Round "6.17"]
[White "Prieto, Alberto"]
[Black "Balck, Eric"]
[Result "0-1"]
[WhiteElo "2010"]
[BlackElo "1974"]
[PlyCount "64"]
[EventDate "2015.10.??"]
[EventType "swiss"]
[EventRounds "9"]
[EventCountry "USA"]

1. f4 Nf6 2. Nf3 c5 3. g3 g6 4. Bg2 Bg7 5. d3 d5 6. O-O Nc6 7. Nc3 d4 8. Na4
Nd7 9. c4 O-O 10. Ng5 Qc7 11. f5 Rb8 12. fxg6 hxg6 13. a3 b6 14. Bd2 Nf6 15. b4
Nd8 16. Rb1 Bb7 17. Nf3 Ne6 18. b5 Ng4 19. Qc1 Bf6 20. Bh3 Ne3 21. Bxe3 dxe3
22. Bxe6 fxe6 23. Nc3 g5 24. Ne4 g4 25. Nfg5 Bxg5 26. Nxg5 Qe5 27. Ne4 Rxf1+
28. Kxf1 Bxe4 29. dxe4 Qxe4 30. Kg1 Rf8 31. Qd1 Rf2 32. Qd8+ Kf7 0-1

[Event "Washington Chess Congress"]
[Site "Washington D.C."]
[Date "2015.10.10"]
[Round "6.18"]
[White "Hung, Daniel"]
[Black "Tia Jr, Rudy"]
[Result "0-1"]
[WhiteElo "1538"]
[BlackElo "2146"]
[PlyCount "116"]
[EventDate "2015.10.??"]
[EventType "swiss"]
[EventRounds "9"]
[EventCountry "USA"]

1. e4 e6 2. d4 d5 3. e5 c5 4. c3 Nc6 5. Nf3 Qb6 6. a3 c4 7. g3 Bd7 8. h4 h6 9.
Bh3 O-O-O 10. O-O Na5 11. Nbd2 Ne7 12. Qe2 Ba4 13. Kg2 Kb8 14. Ne1 g5 15. h5
Nf5 16. f4 Nb3 17. Nxb3 cxb3 18. Rf3 Bb5 19. Qf2 g4 20. Bxg4 Rg8 21. Bxf5 exf5
22. Bd2 Qa6 23. Re3 Be7 24. Kh2 Rg7 25. Rd1 Rdg8 26. Bc1 Qe6 27. Ng2 Qa6 28.
Rd2 Be8 29. Qe1 Bd7 30. Rf3 b5 31. Qe3 Be6 32. Qd3 Qc6 33. Ne3 Qd7 34. Qf1 Rc8
35. Qd1 f6 36. Qxb3 Bf7 37. Rff2 fxe5 38. dxe5 Bc5 39. Rfe2 d4 40. Qd1 Bxh5 41.
g4 fxg4 42. cxd4 g3+ 43. Kg2 Qb7+ 44. Kg1 Bxe2 45. Qxe2 Bxd4 46. Rxd4 Rxc1+ 47.
Nf1 g2 48. Rd8+ Kc7 49. Rd1 gxf1=Q+ 50. Kxf1 Qh1+ 51. Kf2 Rg2+ 52. Ke3 Rxe2+
53. Kxe2 Qxd1+ 54. Ke3 Rc4 55. f5 Qd4+ 56. Ke2 Rc2+ 57. Ke1 Qd2+ 58. Kf1 Rc1#
0-1

[Event "Washington Chess Congress"]
[Site "Washington D.C."]
[Date "2015.10.10"]
[Round "6.19"]
[White "Collier, Philip"]
[Black "De Fotis, Gary"]
[Result "0-1"]
[WhiteElo "1837"]
[BlackElo "1998"]
[PlyCount "77"]
[EventDate "2015.10.??"]
[EventType "swiss"]
[EventRounds "9"]
[EventCountry "USA"]

1. Nf3 Nf6 2. g3 d6 3. Bg2 g6 4. O-O Bg7 5. d4 Nbd7 6. c4 e5 7. Nc3 O-O 8. h3
c6 9. Bg5 Qb6 10. b3 e4 11. Na4 Qa6 12. Nd2 d5 13. cxd5 cxd5 14. Rc1 b5 15. Nc5
Qxa2 16. Ra1 Qb2 17. Rb1 Qxd4 18. Be3 Qb4 19. Qc2 d4 20. Ndxe4 Nxe4 21. Nxd7
Bxd7 22. Qxe4 Bf5 23. Qh4 Rac8 24. Bg5 Bxb1 25. Rxb1 Rfe8 26. e3 a5 27. Qf4 a4
28. Bd5 Re6 29. Bxe6 fxe6 30. Qe4 Qd6 31. bxa4 bxa4 32. exd4 Bxd4 33. Rb4 Qxg3+
34. Kh1 Qxh3+ 35. Kg1 Bg7 36. Qb7 Qc3 37. Rxa4 Rf8 38. Ra7 Qe1+ 39. Kg2 0-1

[Event "Washington Chess Congress"]
[Site "Washington D.C."]
[Date "2015.10.10"]
[Round "6.20"]
[White "Strenzwilk, Denis"]
[Black "Dommalapati, Aasa"]
[Result "1-0"]
[WhiteElo "1852"]
[BlackElo "1646"]
[PlyCount "49"]
[EventDate "2015.10.??"]
[EventType "swiss"]
[EventRounds "9"]
[EventCountry "USA"]

1. e4 c5 2. Nf3 Nc6 3. d4 cxd4 4. Nxd4 Nf6 5. Nc3 e5 6. Ndb5 d6 7. Nd5 Nxd5 8.
exd5 Nb8 9. c4 Be7 10. Bd3 a6 11. Nc3 O-O 12. O-O f5 13. f4 Nd7 14. Kh1 e4 15.
Be2 Nf6 16. Be3 Bd7 17. Rc1 Qe8 18. a3 h5 19. c5 Rc8 20. Qb3 Rc7 21. c6 Bc8 22.
Bb6 Bd8 23. Bxc7 Bxc7 24. cxb7 Bd7 25. Bxa6 1-0

[Event "Washington Chess Congress"]
[Site "Washington D.C."]
[Date "2015.10.11"]
[Round "7.1"]
[White "Yudasin, Leonid"]
[Black "El Debs, Felipe de Cresce"]
[Result "1/2-1/2"]
[WhiteElo "2515"]
[BlackElo "2503"]
[PlyCount "38"]
[EventDate "2015.10.??"]
[EventType "swiss"]
[EventRounds "9"]
[EventCountry "USA"]

1. e4 c5 2. Nf3 g6 3. c3 d5 4. exd5 Qxd5 5. d4 Bg7 6. Be3 cxd4 7. Bxd4 Nf6 8.
c4 Qh5 9. Be2 O-O 10. Nbd2 Rd8 11. Qb3 Nc6 12. Bc3 Ng4 13. h3 Bxc3 14. Qxc3
Nge5 15. b4 Qf5 16. O-O Qf6 17. Nxe5 Nd4 18. Rae1 Qxe5 19. Kh1 Qf4 1/2-1/2

[Event "Washington Chess Congress"]
[Site "Washington D.C."]
[Date "2015.10.12"]
[Round "7.1"]
[White "Brooks, Chris"]
[Black "Yavari, Paul"]
[Result "0-1"]
[WhiteElo "2086"]
[BlackElo "2008"]
[PlyCount "84"]
[EventDate "2015.10.??"]
[EventType "swiss"]
[EventRounds "9"]
[EventCountry "USA"]

1. Nc3 d5 2. e4 d4 3. Nce2 c5 4. Ng3 Nc6 5. Bc4 e6 6. Nf3 a6 7. a4 Rb8 8. d3
Nge7 9. Bf4 Ra8 10. O-O Ng6 11. Bd2 f6 12. Ne1 Bd6 13. f4 Qe7 14. Qh5 Kd8 15.
c3 dxc3 16. bxc3 Kc7 17. Nc2 Bd7 18. a5 Raf8 19. Ne2 Kc8 20. Be3 f5 21. e5 Bc7
22. Qf3 Bxa5 23. Qf2 Bb6 24. Rfb1 Ba7 25. Nb4 Ngxe5 26. fxe5 f4 27. Nxc6 Bxc6
28. Bd2 g5 29. d4 f3 30. Ng3 fxg2 31. Qe3 cxd4 32. Qe1 dxc3+ 33. Be3 Qc5 34.
Bxe6+ Kc7 35. Bd5 Bxd5 36. Qxc3 Qxc3 37. Bxa7 Bc6 38. Bb6+ Kc8 39. Ra2 Qxe5 40.
Re2 Rf1+ 41. Rxf1 gxf1=Q+ 42. Kxf1 Bb5 0-1

[Event "Washington Chess Congress"]
[Site "Washington D.C."]
[Date "2015.10.11"]
[Round "7.3"]
[White "Mulyar, Michael"]
[Black "Darmonovic, Srdjan"]
[Result "1-0"]
[WhiteElo "2400"]
[BlackElo "2211"]
[PlyCount "93"]
[EventDate "2015.10.??"]
[EventType "swiss"]
[EventRounds "9"]
[EventCountry "USA"]

1. d4 d5 2. Nf3 Nf6 3. c4 c6 4. Nc3 dxc4 5. a4 Bf5 6. e3 e6 7. Bxc4 Bb4 8. O-O
O-O 9. Qe2 Bg4 10. h3 Bh5 11. Rd1 Nbd7 12. e4 Qe7 13. e5 Nd5 14. Ne4 f6 15.
exf6 gxf6 16. Ng3 Bg6 17. Bh6 Rfe8 18. Nh4 Qf7 19. Bd3 Kh8 20. Nxg6+ hxg6 21.
Ne4 e5 22. Qg4 Kh7 23. Bd2 Bf8 24. Bc4 Rad8 25. dxe5 Rxe5 26. Bc3 Rf5 27. Ng3
Rg5 28. Qh4+ Kg8 29. f4 Rxg3 30. Qxg3 N7b6 31. Bb3 Bg7 32. a5 Nc8 33. Bxd5 cxd5
34. Bb4 f5 35. Qb3 a6 36. Bc5 d4 37. Qxf7+ Kxf7 38. Rac1 d3 39. Rd2 Rd5 40. b4
Bh6 41. Rcd1 Bxf4 42. Rxd3 Rxd3 43. Rxd3 Ke6 44. Rd8 Nd6 45. Rb8 Ne4 46. Rxb7
Nxc5 47. Rb6+ 1-0

[Event "Washington Chess Congress"]
[Site "Washington D.C."]
[Date "2015.10.11"]
[Round "7.4"]
[White "Erenburg, Sergey"]
[Black "Zlotnikov, Mikhail"]
[Result "1-0"]
[WhiteElo "2588"]
[BlackElo "2281"]
[PlyCount "74"]
[EventDate "2015.10.??"]
[EventType "swiss"]
[EventRounds "9"]
[EventCountry "USA"]

1. e4 g6 2. d4 Bg7 3. Nc3 c6 4. h3 d5 5. Nf3 dxe4 6. Nxe4 Nd7 7. Bc4 Ngf6 8.
Nxf6+ Nxf6 9. O-O O-O 10. Re1 Bf5 11. c3 Qd6 12. Qe2 Rae8 13. Bg5 Nd5 14. Rad1
b5 15. Bb3 a5 16. a4 Be6 17. Qd2 bxa4 18. Bxa4 Nb6 19. Bc2 Nc4 20. Qc1 Bd5 21.
Be4 Qb8 22. Nh2 e5 23. dxe5 Nxe5 24. Bf4 Qb6 25. Bxd5 cxd5 26. Bxe5 Rxe5 27.
Rxe5 Bxe5 28. Ng4 Bg7 29. Rxd5 a4 30. Qc2 Qe6 31. Ne3 Ra8 32. Rd3 h5 33. h4 Kh7
34. g3 a3 35. bxa3 Rxa3 36. c4 Ra6 37. Nd5 Bh6 {White won on move 64} 1-0

[Event "Washington Chess Congress"]
[Site "Washington D.C."]
[Date "2015.10.11"]
[Round "7.5"]
[White "Currie, James"]
[Black "Checa, Nicolas D"]
[Result "0-1"]
[WhiteElo "2043"]
[BlackElo "2437"]
[PlyCount "80"]
[EventDate "2015.10.??"]
[EventType "swiss"]
[EventRounds "9"]
[EventCountry "USA"]

1. e4 e6 2. d3 d5 3. Nd2 Nf6 4. Ngf3 b6 5. g3 Bc5 6. e5 Nfd7 7. d4 Be7 8. Bg2
c5 9. O-O cxd4 10. Nb3 Nc6 11. Re1 Bb4 12. Bf4 Bxe1 13. Qxe1 Ba6 14. Rd1 d3 15.
cxd3 Rc8 16. Nbd4 Nc5 17. Qe3 Qd7 18. Bf1 Nxd4 19. Nxd4 Qa4 20. Ra1 Qb4 21. Rb1
Qa4 22. Ra1 h6 23. h4 Qb4 24. Rb1 Na4 25. a3 Qe7 26. Be2 Nc5 27. Re1 O-O 28.
Qd2 Nd7 29. Bg4 Nc5 30. Be2 Kh7 31. Qd1 f6 32. b4 fxe5 33. Bxe5 Nd7 34. Bg4
Nxe5 35. Rxe5 Qf6 36. f4 Rc3 37. b5 Bc8 38. h5 Qe7 39. Bxe6 Qc5 40. Rxd5 Rc1
0-1

[Event "Washington Chess Congress"]
[Site "Washington D.C."]
[Date "2015.10.11"]
[Round "7.6"]
[White "Sarkar, Justin"]
[Black "Gorti, Akshita"]
[Result "1-0"]
[WhiteElo "2400"]
[BlackElo "2211"]
[PlyCount "63"]
[EventDate "2015.10.??"]
[EventType "swiss"]
[EventRounds "9"]
[EventCountry "USA"]

1. d4 e6 2. e4 d5 3. Nd2 Nf6 4. e5 Nfd7 5. Bd3 c5 6. c3 Nc6 7. Ne2 cxd4 8. cxd4
f6 9. Nf4 Nxd4 10. Qh5+ Ke7 11. exf6+ Nxf6 12. Ng6+ hxg6 13. Qxh8 Kf7 14. O-O
e5 15. Nb3 Nf5 16. Bg5 Qb6 17. Rad1 e4 18. Be2 Be6 19. g4 Nd6 20. Be3 Qc7 21.
f3 Rd8 22. Nd4 Bd7 23. g5 Be7 24. Qh4 Nfe8 25. Qh7 Nf5 26. fxe4 dxe4 27. Nxf5
Bxf5 28. Rxf5+ gxf5 29. Qxf5+ Kg8 30. Qe6+ Kh8 31. Rxd8 Qxd8 32. Qh3+ 1-0

[Event "Washington Chess Congress"]
[Site "Washington D.C."]
[Date "2015.10.11"]
[Round "7.8"]
[White "Jacobson, Brandon"]
[Black "Sena, Juan Oscar"]
[Result "1-0"]
[WhiteElo "2119"]
[BlackElo "2101"]
[PlyCount "47"]
[EventDate "2015.10.??"]
[EventType "swiss"]
[EventRounds "9"]
[EventCountry "USA"]

1. d4 d5 2. c4 c6 3. Nf3 Nf6 4. e3 a6 5. a4 g6 6. Nc3 Bg7 7. Ne5 O-O 8. Bd3 Bf5
9. Bxf5 gxf5 10. Qb3 Ra7 11. a5 e6 12. cxd5 cxd5 13. Bd2 Nfd7 14. Nxd7 Nxd7 15.
Na4 f4 16. O-O Qf6 17. exf4 Qf5 18. Be3 Rc8 19. Rac1 Rc6 20. Rxc6 bxc6 21. Rc1
Rc7 22. Nc5 Ra7 23. Nxd7 Rxd7 24. Rxc6 1-0

[Event "Washington Chess Congress"]
[Site "Washington D.C."]
[Date "2015.10.11"]
[Round "7.9"]
[White "Brodsky, David"]
[Black "Jian, Alex"]
[Result "1-0"]
[WhiteElo "2251"]
[BlackElo "1907"]
[PlyCount "99"]
[EventDate "2015.10.??"]
[EventType "swiss"]
[EventRounds "9"]
[EventCountry "USA"]

1. e4 c5 2. Nf3 Nc6 3. d4 cxd4 4. Nxd4 Nf6 5. Nc3 e5 6. Ndb5 d6 7. Bg5 a6 8.
Na3 b5 9. Nd5 Be7 10. Bxf6 Bxf6 11. c4 b4 12. Nc2 Rb8 13. b3 Bg5 14. g3 O-O 15.
h4 Bh6 16. Bh3 Be6 17. Kf1 a5 18. Kg2 g6 19. h5 Kg7 20. Qd3 Qd7 21. Bxe6 fxe6
22. Nde3 Qf7 23. Qe2 Rbd8 24. hxg6 hxg6 25. Rh2 Rh8 26. Rah1 Bg5 27. Rxh8 Rxh8
28. Rxh8 Kxh8 29. Qd3 Qe7 30. a3 bxa3 31. Nxa3 Nd4 32. Nec2 Bf6 33. Nxd4 exd4
34. Nb5 e5 35. Qd2 Bg5 36. Qxa5 Qf8 37. Nxd4 Bd8 38. Ne6 Qxf2+ 39. Kxf2 Bxa5
40. c5 dxc5 41. Nxc5 Kg7 42. Kf3 Kf6 43. Nd3 Bc3 44. Kg4 Bd2 45. b4 Ke6 46. b5
Kd6 47. b6 g5 48. Nxe5 Bb4 49. b7 Kc7 50. b8=Q+ 1-0

[Event "Washington Chess Congress"]
[Site "Washington D.C."]
[Date "2015.10.11"]
[Round "7.10"]
[White "Yu, Jennifer"]
[Black "Potula, Kapish"]
[Result "1-0"]
[WhiteElo "2220"]
[BlackElo "1902"]
[PlyCount "71"]
[EventDate "2015.10.??"]
[EventType "swiss"]
[EventRounds "9"]
[EventCountry "USA"]

1. c4 e5 2. Nc3 d6 3. Nf3 f5 4. d4 e4 5. Ng5 Be7 6. Nh3 Nf6 7. g3 O-O 8. Bg2 c6
9. d5 c5 10. O-O Na6 11. f3 exf3 12. exf3 Nd7 13. f4 Bf6 14. Qd2 Nb6 15. b3
Bd4+ 16. Kh1 Qf6 17. Bb2 Re8 18. Rae1 Bd7 19. Ng5 Qg6 20. Ne6 Bxe6 21. dxe6
Rab8 22. e7 Bf6 23. Nd5 Nxd5 24. Qxd5+ Kh8 25. Bxf6 Qxf6 26. Re6 Nc7 27. Rxf6
Nxd5 28. Rf8+ Rxf8 29. exf8=Q+ Rxf8 30. Bxd5 Re8 31. Bxb7 Kg8 32. Kg2 Kf7 33.
Kf2 g6 34. Rd1 Rd8 35. Re1 Rb8 36. Bd5+ 1-0

[Event "Washington Chess Congress"]
[Site "Washington D.C."]
[Date "2015.10.11"]
[Round "7.11"]
[White "Taborsky, Rostislav"]
[Black "Huang, Andy"]
[Result "1-0"]
[WhiteElo "2220"]
[BlackElo "1965"]
[PlyCount "74"]
[EventDate "2015.10.??"]
[EventType "swiss"]
[EventRounds "9"]
[EventCountry "USA"]

1. d4 d5 2. c4 c6 3. Nf3 Nf6 4. Nc3 e6 5. g3 Nbd7 6. Bg2 Bd6 7. O-O O-O 8. Nd2
Be7 9. e4 c5 10. exd5 cxd4 11. Nb5 exd5 12. cxd5 Nb6 13. Nxd4 Nbxd5 14. Nc4 Bg4
15. Qb3 Bc5 16. Ne5 Bh5 17. Ndf3 Qb6 18. Qxb6 Bxb6 19. b3 Rac8 20. Ba3 Rfd8 21.
Nc4 Bc7 22. Bb2 b5 23. Ncd2 Nb4 24. a4 a6 25. axb5 axb5 26. Bxf6 gxf6 27. Ne4
Kg7 28. Nh4 Bg6 29. Rfd1 Be5 30. Rab1 f5 31. Ng5 f4 32. Nxg6 hxg6 33. Bf1 fxg3
34. hxg3 Na2 35. Rxd8 Rxd8 36. Nf3 Bf6 37. Bxb5 Nc3 1-0

[Event "Washington Chess Congress"]
[Site "Washington D.C."]
[Date "2015.10.11"]
[Round "7.12"]
[White "Balck, Eric"]
[Black "Samuelson, Andrew"]
[Result "1-0"]
[WhiteElo "1974"]
[BlackElo "2185"]
[PlyCount "165"]
[EventDate "2015.10.??"]
[EventType "swiss"]
[EventRounds "9"]
[EventCountry "USA"]

1. e4 c5 2. Nf3 d6 3. Bb5+ Bd7 4. Bxd7+ Nxd7 5. O-O Ngf6 6. Re1 e6 7. d4 cxd4
8. Qxd4 Be7 9. c4 O-O 10. Nc3 a6 11. b3 Qa5 12. Bd2 Qc5 13. a4 Rfc8 14. a5 Rab8
15. Na4 Qxd4 16. Nxd4 g6 17. f3 Bf8 18. Kf1 Bg7 19. Be3 Rd8 20. Rad1 d5 21.
exd5 exd5 22. c5 Rbc8 23. Bf2 Re8 24. b4 Ne5 25. Nb6 Rcd8 26. Nc2 Re6 27. Bh4
Nc6 28. Bxf6 Bxf6 29. Nxd5 Be5 30. g3 g5 31. Rd3 Kg7 32. Red1 Rde8 33. Nce3 h5
34. Nf5+ Kg6 35. Nd6 Bxd6 36. cxd6 Rd8 37. Nc7 Re5 38. d7 Nxb4 39. Rd6+ Kg7 40.
Ne8+ Kf8 41. Rb6 Nd5 42. f4 gxf4 43. gxf4 Rf5 44. Rb3 Rxd7 45. Re1 Rxf4+ 46.
Kg1 Rg4+ 47. Kf2 Re7 48. Rd1 Rf4+ 49. Kg3 h4+ 50. Kh3 Re3+ 51. Rxe3 Nxe3 52.
Rd8 Ke7 53. Rb8 Kd7 54. Ng7 Kc7 55. Rh8 Nf5 56. Ne8+ Kc6 57. Nf6 Nd6 58. Ng4 f5
59. Ne5+ Kd5 60. Ng6 Ra4 61. Nxh4 Rxa5 62. Rf8 Kc6 63. Rf6 Rd5 64. Ng6 Rb5 65.
Kg3 Kd5 66. Nf4+ Kc6 67. h4 Rb3+ 68. Kg2 Re3 69. h5 Re7 70. h6 a5 71. Ne6 a4
72. Ng7 Rf7 73. Rg6 Rf8 74. h7 Kd5 75. Nh5 Rh8 76. Rg8 Nf7 77. Nf4+ Ke4 78. Nh5
a3 79. Kf2 Kd3 80. Nf6 a2 81. Rg1 Kc2 82. Ke3 b5 83. Kd4 {Black won on time}
1-0

[Event "Washington Chess Congress"]
[Site "Washington D.C."]
[Date "2015.10.11"]
[Round "7.13"]
[White "Wang, Justin"]
[Black "Karell, Leif"]
[Result "1-0"]
[WhiteElo "2046"]
[BlackElo "1961"]
[PlyCount "71"]
[EventDate "2015.10.??"]
[EventType "swiss"]
[EventRounds "9"]
[EventCountry "USA"]

1. e4 c6 2. d4 d5 3. exd5 cxd5 4. c4 Nf6 5. Nc3 e6 6. Nf3 Be7 7. Bd3 dxc4 8.
Bxc4 O-O 9. O-O a6 10. a4 Nc6 11. Bg5 b6 12. Rc1 Bb7 13. Qd2 Na5 14. Ba2 Bxf3
15. gxf3 Nd5 16. Bxe7 Qxe7 17. Nxd5 exd5 18. b4 Nc4 19. Bxc4 dxc4 20. Rxc4 Rfc8
21. Rfc1 Rxc4 22. Rxc4 b5 23. axb5 axb5 24. Rc1 h5 25. d5 Qf6 26. d6 Qxf3 27.
d7 Qg4+ 28. Kf1 Qh3+ 29. Ke1 Rd8 30. Rc7 Qxh2 31. Rc8 Qh1+ 32. Ke2 Qe4+ 33. Kd1
Qg4+ 34. f3 Qxf3+ 35. Kc1 Qa3+ 36. Kb1 1-0

[Event "Washington Chess Congress"]
[Site "Washington D.C."]
[Date "2015.10.11"]
[Round "7.14"]
[White "Tia Jr, Rudy"]
[Black "Stancil, Kimani A"]
[Result "0-1"]
[WhiteElo "2146"]
[BlackElo "2042"]
[PlyCount "60"]
[EventDate "2015.10.??"]
[EventType "swiss"]
[EventRounds "9"]
[EventCountry "USA"]

1. b3 b5 2. a4 b4 3. c4 Bb7 4. d4 e6 5. Nd2 f5 6. Qc2 Nf6 7. f3 c5 8. e3 Nc6 9.
Bb2 Bd6 10. g3 Qb6 11. Ne2 O-O-O 12. d5 Ne5 13. a5 Qc7 14. a6 Ba8 15. Bg2 exd5
16. Qxf5 Rhf8 17. Qh3 Nd3+ 18. Kf1 Nxb2 19. Nf4 dxc4 20. bxc4 g5 21. Nd5 Nxd5
22. cxd5 Bxd5 23. Qxh7 c4 24. f4 Bxg2+ 25. Kxg2 Qc6+ 26. Kf2 gxf4 27. gxf4 Nd3+
28. Ke2 Qg2+ 29. Kd1 Qxh1+ 30. Kc2 Qxa1 0-1

[Event "Washington Chess Congress"]
[Site "Washington D.C."]
[Date "2015.10.11"]
[Round "7.16"]
[White "Macaspac, Arthur"]
[Black "Paul, Justin"]
[Result "0-1"]
[WhiteElo "2083"]
[BlackElo "1926"]
[PlyCount "84"]
[EventDate "2015.10.??"]
[EventType "swiss"]
[EventRounds "9"]
[EventCountry "USA"]

1. e4 e6 2. d4 d5 3. Nd2 Nf6 4. e5 Nfd7 5. c3 c5 6. Bd3 Nc6 7. Ne2 cxd4 8. cxd4
f6 9. exf6 Nxf6 10. Nf3 Bd6 11. O-O O-O 12. Nc3 Bd7 13. Bg5 Qb6 14. Nb5 Bb8 15.
Nc3 Be8 16. Qe2 Nb4 17. Bb1 Bh5 18. Bh4 Bxf3 19. gxf3 Nh5 20. Bg3 Nf4 21. Qe3
Rf6 22. Rd1 Bd6 23. a4 Raf8 24. a5 Qd8 25. Nb5 Bb8 26. Ra4 Na6 27. Ra3 Qe8 28.
Nc3 Qh5 29. Kh1 Qh3 30. Rg1 Rh6 31. Rb3 Nh5 32. Bxb8 Nxb8 33. Qxh6 Ng3+ 34.
Rxg3 Qxh6 35. Rxb7 Nc6 36. Ne2 Rf7 37. Rb5 Qd2 38. Ng1 g6 39. Rc5 Nxd4 40. Rc8+
Kg7 41. Re8 Qd1 42. Rg4 Nxf3 0-1

[Event "Washington Chess Congress"]
[Site "Washington D.C."]
[Date "2015.10.11"]
[Round "7.17"]
[White "Rahman, Agusto"]
[Black "Trifale, Sharvil"]
[Result "1-0"]
[WhiteElo "2046"]
[BlackElo "1901"]
[PlyCount "119"]
[EventDate "2015.10.??"]
[EventType "swiss"]
[EventRounds "9"]
[EventCountry "USA"]

1. g3 g6 2. Bg2 Bg7 3. e4 c5 4. c4 Nc6 5. Nc3 d6 6. Nge2 e5 7. d3 Nge7 8. Bg5
h6 9. Be3 Nd4 10. O-O O-O 11. Rb1 Nec6 12. a3 a5 13. Nd5 Nxe2+ 14. Qxe2 a4 15.
Nc3 Ne7 16. Qd1 Bd7 17. Qc1 Kh7 18. f4 b6 19. f5 f6 20. g4 g5 21. h4 Nc6 22.
Kf2 Rh8 23. Rh1 Kg8 24. Rh3 Kf7 25. Nd5 Na5 26. Qh1 Bc6 27. hxg5 fxg5 28. f6
Bxf6 29. Nxf6 Kxf6 30. Rxh6+ Kg7 31. Rh5 Bd7 32. Kg3 Rxh5 33. Qxh5 Qf6 34. Rf1
Qg6 35. Bxg5 Qxh5 36. gxh5 Nb7 37. Kh4 Be6 38. Rf6 Re8 39. Bf3 Nd8 40. Rg6+ Kf7
41. Bxd8 Rxd8 42. Kg5 Rh8 43. h6 Rh7 44. Bh5 Ke7 45. Rg7+ Rxg7+ 46. hxg7 Bg8
47. Bg6 Ke6 48. Kh6 b5 49. cxb5 d5 50. exd5+ Kxd5 51. b6 Kc6 52. Be8+ Kxb6 53.
Bxa4 c4 54. dxc4 Bxc4 55. Kh7 e4 56. Bd1 e3 57. g8=Q Bxg8+ 58. Kxg8 Ka5 59. b4+
Kb5 60. Be2+ 1-0